000 00480nam a2200205Ia 4500
005 20240823032550.0
008 240823s9999||||xx |||||||||||||| ||und||
020 _a81-316-0183-8
041 _aENGLISH
082 _A331.9100285 Q2
100 _aGurjar R K
245 0 _aGeography of Water Resources
250 _a1st
260 _c2008
_b"Rawat Pub,Jaipur"
500 _aYES
650 _aGeographic
_bMechanical
700 _a Jat B C
942 _cBK
999 _c193733
_d193733